| 000 | 006110000a22001810004500 | ||
|---|---|---|---|
| 003 | MACL | ||
| 005 | 20160602152028.0 | ||
| 008 | 160602b xxu||||| |||| 00| 0 eng d | ||
| 040 |
_aMACL _cMACL |
||
| 041 | _aHindi | ||
| 082 | _a920 ARY | ||
| 100 |
_aआर्य, जगतराम _948662 |
||
| 245 |
_aयुग-निर्माता स्वामी दयानन्द _cजगतराम आर्य |
||
| 260 |
_bआर्य प्रकाशन मंडल _c1996 _aइर्न दिल्ली |
||
| 350 | _a40 | ||
| 650 |
_aBiography _961717 |
||
| 942 |
_cHIN _k920/ARY _2ddc |
||
| 999 |
_c20378 _d20378 |
||